Nuevas nacionalidades en Europa : (Record no. 185417)
[ view plain ]
| 000 -LEADER | |
|---|---|
| campo de control de longitud fija | 01238nam a2200265 i 4500 |
| 001 - NÚMERO DE CONTROL | |
| campo de control | 185417 |
| 003 - IDENTIFICADOR DE NÚMERO DE CONTROL | |
| campo de control | ES-MaACL |
| 005 - FECHA Y HORA DE LA ÚLTIMA TRANSACCIÓN | |
| campo de control | 20260407134413.0 |
| 008 - DATOS DE LONGITUD FIJA--INFORMACIÓN GENERAL | |
| campo de control de longitud fija | 160601s1919 sp |||| | spa d |
| 100 1# - ENTRADA PRINCIPAL--NOMBRE DE PERSONA | |
| Nombre de persona | Beltrán y Rózpide, Ricardo. |
| 9 (RLIN) | 27381 |
| 245 10 - MENCIÓN DEL TÍTULO | |
| Título | Nuevas nacionalidades en Europa : |
| Resto del título | estudio geográfico-político con un mapa / |
| Mención de responsabilidad, etc. | por Ricardo Beltrán y Rózpide. |
| 260 ## - PUBLICACIÓN, DISTRIBUCIÓN, ETC. | |
| Lugar de publicación, distribución, etc. | [S.l. : |
| Nombre del editor, distribuidor, etc. | s.n.], |
| Fecha de publicación, distribución, etc. | 1919 ( |
| Lugar de fabricación/manufactura | Madrid : |
| Fabricante | Imp. del Patronato de Huérfanos de Intendencia e Intervención Militares) |
| 300 ## - DESCRIPCIÓN FÍSICA | |
| Extensión | 55 p., [1] h. pleg. de mapa ; |
| Dimensiones | 24 cm. |
| 490 1# - MENCIÓN DE SERIE | |
| Mención de serie | Publicaciones de la Real Sociedad Geográfica |
| 530 ## - NOTA DISPONIBLE DE FORMULARIO FÍSICO ADICIONAL | |
| Nota de formato físico adicional disponible | Disponible en formato digital. |
| 650 #4 - PUNTO DE ACCESO ADICIONAL DE MATERIA--TÉRMINO DE MATERIA | |
| Término de materia o nombre geográfico como elemento de entrada | Guerra mundial, 1914-1918- |
| Subdivisión general | Cuestiones territoriales. |
| 9 (RLIN) | 151885 |
| 651 #4 - PUNTO DE ACCESO ADICIONAL DE MATERIA--NOMBRE GEOGRÁFICO | |
| Nombre geográfico | Europa- |
| Subdivisión general | Geografia política. |
| 9 (RLIN) | 151886 |
| 710 2# - ENTRADA AGREGADA--NOMBRE DE ENTIDAD CORPORATIVA | |
| Nombre de entidad corporativa o nombre de jurisdicción como elemento de entrada | Real Sociedad Geográfica |
| 9 (RLIN) | 6403 |
| 710 2# - ENTRADA AGREGADA--NOMBRE DE ENTIDAD CORPORATIVA | |
| Nombre de entidad corporativa o nombre de jurisdicción como elemento de entrada | Patronato de Huérfanos de Intendencia e Intervención Militares. |
| 9 (RLIN) | 6172 |
| 830 1# - PUNTO DE ACCESO ADICIONAL DE SERIE-TÍTULO UNIFORME | |
| Título uniforme | Publicaciones de la Real Sociedad Geográfica |
| 9 (RLIN) | 182474 |
| 852 ## - LOCALIZACIÓN | |
| Ubicación | ES-MaACL |
| Número de control de estantería | 1572-F-16 |
| itemnumber | 192452 |
| Ubicación en estantería | Depósito folletos |
| Nota libre | Revisado enlace: 28 de Marzo de 2025. |
| 856 4# - LOCALIZACIÓN Y ACCESO ELECTRÓNICOS | |
| Identificador Uniforme de Recursos | <a href="http://bdh-rd.bne.es/viewer.vm?id=0000079683&page=1">http://bdh-rd.bne.es/viewer.vm?id=0000079683&page=1</a> |
| Texto de enlace | Biblioteca Digital Hispánica |
| 942 ## - ELEMENTOS DE ENTRADA SECUNDARIOS (KOHA) | |
| Fuente del sistema de clasificación o colocación | Clasificación decimal universal |
| Estatus retirado | Estado de pérdida | Estado de daño | No para préstamo | Colección | Biblioteca de origen | Biblioteca actual | Ubicación en estantería | Fecha de adquisición | Fuente de adquisición | Total de préstamos | Signatura topográfica completa | Código de barras | Visto por última vez | Precio de reemplazo | Tipo de ítem Koha |
|---|---|---|---|---|---|---|---|---|---|---|---|---|---|---|---|
| Colección de folletos | Biblioteca del Ateneo de Madrid | Biblioteca del Ateneo de Madrid | Depósito folletos | 01/06/2016 | 1572-F-16 | 1195345 | 23/02/2023 | 23/02/2023 | Folleto |
